000 00314nam a2200121Ia 4500
008 190216s9999||||xx |||||||||||||| ||und||
100 _aSreekumaran Unni K
245 0 _aIndian Deshiyathyudae Samoohya Pachathalam
260 _bKerala Bhasha Institute
_c1973
300 _a542p
650 _aEconomics
942 _cBK
999 _c37824
_d37824